Normal view
MARC view
- VoIP Telephony With Asterisk
Entry Geographic Name
001 - CONTROL NUMBER
- control field: 97473
003 - CONTROL NUMBER IDENTIFIER
- control field: NUST
005 - DATE AND TIME OF LATEST TRANSACTION
- control field: 20220816134416.0
008 - FIXED-LENGTH DATA ELEMENTS
- fixed length control field: 220816|| aca||aabn | a|a d
040 ## - CATALOGING SOURCE
- Original cataloging agency: NUST
- Transcribing agency: NUST
151 ## - HEADING--GEOGRAPHIC NAME
- Geographic name: VoIP Telephony With Asterisk
670 ## - SOURCE DATA FOUND
- Source citation: Work cat.: (NUST)198627: Mahler, Paul 97472, VoIP Telephony With Asterisk :
